| 000 | 09891nam a2200637 i 4500 | ||
|---|---|---|---|
| 001 | 57922 | ||
| 003 | FINmELB | ||
| 005 | 20241216232952.0 | ||
| 006 | m o d | | ||
| 007 | cr cnu|||||||| | ||
| 008 | 210616s2019 ck ao gob 000 0 spa d | ||
| 020 |
_a9781512982114 _q(e-book) |
||
| 020 | _z9789587633276 | ||
| 035 | _a(OCoLC)1257034516 | ||
| 040 |
_aFINmELB _bspa _erda _cFINmELB |
||
| 050 | 4 |
_aHB615 _b.E477 2019 |
|
| 080 | _a658 | ||
| 082 | 0 | 0 |
_a658.421 _223 |
| 245 | 0 | 3 |
_aEl emprendimiento social y la innovación como motor del crecimiento empresarial / _cCliden Amanda Pereira Bolaños, Diana Milena Velandia Daza, Manuel Ricardo Rey Romero[y otros dos] ; compilador Camilo José Peña Lapeira. |
| 264 | 1 |
_aBogotá : _bCorporación Universitaria Minuto de Dios. UNIMINUTO. Vicerrectoría Regional Bogotá Sur, _c2019. |
|
| 300 |
_a1 recurso en línea (172 páginas) : _bilustraciones |
||
| 336 |
_atexto _btxt _2rdacontent/spa |
||
| 337 |
_acomputadora _bc _2rdamedia/spa |
||
| 338 |
_arecurso en línea _bcr _2rdacarrier/spa |
||
| 490 | 1 | _aCompilación de textos de ciencias administrativas y contables | |
| 490 | 1 | _aColección Uniminuto | |
| 504 | _aIncluye referencias bibliográficas. | ||
| 505 | 0 | _aPÁGINA LEGAL -- TABLA DE CONTENIDO -- ÍNDICE DE TABLAS -- TABLA 1.1. COMPETENCIAS LABORALES GENERALES -- TABLA 1.2. CONSULTORIOS EMPRESARIALES Y CONTABLES EN BOGOTÁ -- TABLA 1.3. PORTAFOLIO DE SERVICIOS DE CONSULTORIOS CONTABLES -- TABLA 1.4. COMPARATIVO DE ÁREAS DEL CONOCIMIENTO Y DE RELACIÓN CON EL (...) -- TABLA 2.1. PROGRAMAS DE INCLUSIÓN LABORAL PARA POBLACIÓN VÍCTIMA DEL (...) -- TABLA 2.2. PROGRAMAS PARA LA PROMOCIÓN AL ACCESO DE OPORTUNIDADES DE (...) -- TABLA 3.1. CLASES DE COMPETENCIAS LABORALES -- TABLA 3.2. PROCESO DE DESARROLLO -- TABLA 4.1. LIDERAZGO EN INNOVACIÓN A ESCALA MUNDIAL GII-2018 -- TABLA 4.2. LIDERAZGO POR CATEGORÍA DE ANÁLISIS GII-2018 -- TABLA 4.3. DIEZ PRIMEROS PUESTOS Y PRINCIPALES PAÍSES LATINOAMERICANOS (...) -- TABLA 4.4. ESTRATEGIAS DE INNOVACIÓN -- TABLA 4.5. DOCUMENTOS CLAVES PARA LA CONSTRUCCIÓN DE LA POLÍTICA DE (...) -- TABLA 4.6. ESTRATEGIAS DE INNOVACIÓN EN LAS PYMES -- TABLA 4.7. INDICADORES POR PROCESO DE INCORPORACIÓN DE INNOVACIÓN -- TABLA 5.1. CLASIFICACIÓN DE LAS INNOVACIONES -- TABLA 5.2. INDICADORES DE COMPETITIVIDAD EN COLOMBIA 2014-2018 -- TABLA 5.3. RANQUIN DE LAS EMPRESAS MÁS INNOVADORAS EN EL MUNDO 2017-2018 -- TABLA 5.4. LAS EMPRESAS CON MAYORES GANANCIAS EN EL MUNDO 2018 -- TABLA 5.5. LAS EMPRESAS COLOMBIANAS CON MAYOR ÍNDICE DE INNOVACIÓN Y (...) -- TABLA 6.1. PARALELO HISTÓRICO DE LOS SISTEMAS DE SEGURIDAD SOCIAL Y SALUD, (...) -- TABLA 6.2. PARALELO HISTÓRICO DE LOS SISTEMAS DE SEGURIDAD SOCIAL Y SALUD, (...) -- TABLA 6.3. PARALELO HISTÓRICO DE LOS SISTEMAS DE SEGURIDAD SOCIAL Y SALUD, (...) -- TABLA 6.4. PARALELO HISTÓRICO DE LOS SISTEMAS DE SEGURIDAD SOCIAL Y SALUD, (...) -- TABLA 6.5. PARALELO HISTÓRICO DE LOS SISTEMAS DE SEGURIDAD SOCIAL Y SALUD, (...) -- ÍNDICE DE FIGURAS -- FIGURA 1.1. CANALES DE COMUNICACIÓN DE LOS CONSULTORIOS -- FIGURA 1.2. RELACIÓN UNIVERSIDAD-EMPRESA-ESTADO -- FIGURA 1.3. EJES DE LA RESPONSABILIDAD SOCIAL UNIVERSITARIA -- FIGURA 2.1. RECATEGORIZACIÓN DE VÍCTIMAS DEL CONFLICTO ARMADO EN UN (...) -- FIGURA 2.2. RUTA DE ACOMPAÑAMIENTO A DESMOVILIZADOS -- FIGURA 2.3. INCLUSIÓN EN LA JUVENTUD LATINOAMERICANA -- FIGURA 2.4. TIPOLOGÍA DE VÍCTIMAS DEL CONFLICTO Y CONSECUENCIAS -- FIGURA 2.5. PREÁMBULO DE LA INCLUSIÓN LABORAL A PARTIR DE LA INCLUSIÓN (...) -- FIGURA 3.1. CONSTITUYENTES DEL ESPÍRITU EMPRENDEDOR -- FIGURA 3.2. ELEMENTOS DE LA COMPETENCIA LABORAL -- FIGURA 3.3. BALANZA DE LA EMPLEABILIDAD -- FIGURA 3.4. DESCRIPCIÓN DE COMPETENCIAS RELEVANTES -- FIGURA 3.5. VARIABLES DE LA EMPLEABILIDAD -- FIGURA 3.6. APTITUDES BÁSICAS -- FIGURA 3.7. FINES EMPRESARIALES -- FIGURA 3.8. CAMINO DEL LÍDER -- FIGURA 3.9. CONTEXTO DE LA COMUNICACIÓN -- FIGURA 3.10. GESTIÓN Y EQUIPO -- FIGURA 3.11. ROLES DEL COACHING -- FIGURA 3.12. RASGOS DEL COACH -- FIGURA 3.13. GANANCIAS DEL COACHEE -- FIGURA 3.14. TIPOS DE COACHING -- FIGURA 3.15. COACHING Y DESARROLLO EMPRENDEDOR -- FIGURA 4.1. ASPECTOS RELATIVOS A LA INNOVACIÓN -- FIGURA 4.2. DATOS OBTENIDOS PARA EL PERIODO DE TIEMPO REFERENCIADO -- FIGURA 4.3. RELACIÓN ENTRE LAS EXPORTACIONES DE PRODUCTOS DE ALTA (...) -- FIGURA 4.4. INVERSIÓN EN DESARROLLO E INVESTIGACIÓN COMO PORCENTAJE DEL PIB -- FIGURA 4.5. PRODUCTO INTERNO BRUTO PER CÁPITA PROMEDIO (2000-2015) -- FIGURA 4.6. PAÍSES LÍDERES EN INNOVACIÓN VS. NIVEL DE INGRESOS GII-2018 -- FIGURA 4.7. DIEZ PRIMEROS PUESTOS GII-2018 -- FIGURA 4.8. UBICACIÓN DE LOS PRINCIPALES PAÍSES LATINOAMERICANOS EN EL (...) -- FIGURA 4.9. INVERSIÓN EN EDUCACIÓN COMO PORCENTAJE DEL PIB 2000-2016 -- FIGURA 4.10. DISTRIBUCIÓN PARETIANA Y GAUSSIANA -- FIGURA 5.1. GESTIÓN DEL CONOCIMIENTO EMPRESARIAL -- FIGURA 5.2. ESTRUCTURA DEL SISTEMA NACIONAL DE COMPETITIVIDAD, CIENCIA, (...) -- FIGURA 5.3. COMITÉS TÉCNICOS DEL SISTEMA NACIONAL Y ENTIDADES QUE (...) -- FIGURA 5.4. EL CAMINO DE LA INNOVACIÓN -- FIGURA 5.5. CLASIFICACIÓN DE LAS BARRERAS DE LA INNOVACIÓN -- FIGURA 5.6. PRINCIPALES RASGOS DE UNA PERSONA CREATIVA -- FIGURA 5.7. TRIÁNGULO DE LA CREATIVIDAD -- FIGURA 5.8. INDICADORES EN LA MEDICIÓN DE PROCESO CREATIVOS -- FIGURA 6.1. LEGISLACIÓN DE SEGURIDAD Y SALUD EN EL TRABAJO EN COLOMBIA Y (...) -- FIGURA 6.2. SITIO WEB EN ESPAÑOL DE WIEGO -- FIGURA 6.3. PRESENTACIÓN DE PROYECTOS DE LA RUTA DE INNOVACIÓN SOCIAL PCIS -- FIGURA 6.4. SUBMARINOS INCAUTADOS AL NARCOTRÁFICO -- FIGURA 6.5. INFOGRAFÍA DE LA EXPEDICIÓN ALMIRANTE TONO -- FIGURA 6.6. SITIO WEB DEL SEMILLERO SST-IN -- INTRODUCCIÓN -- 1. LA PRÁCTICA PROFESIONAL COMO FACTOR DE INNOVACIÓN SOCIAL EN MIPYMES DE (...) -- INTRODUCCIÓN -- CONCEPTUALIZACIÓN DE LA PRÁCTICA PROFESIONAL -- ALCANCE Y BENEFICIARIOS -- CONTEXTO E IMPORTANCIA DE LOS CONSULTORIOS EMPRESARIALES Y CONTABLES -- EL CONSULTORIO EMPRESARIAL Y CONTABLE COMO ESTRATEGIA DE LA PRÁCTICA (...) -- BENEFICIOS DE LA CONSULTORÍA PARA MIPYMES -- RESPONSABILIDAD SOCIAL EN LAS INSTITUCIONES DE EDUCACIÓN SUPERIOR -- CONCLUSIONES -- REFERENCIAS -- 2. INCLUSIÓN SOCIO-LABORAL Y OPORTUNIDADES DE EMPRENDIMIENTO EN EL (...) -- INTRODUCCIÓN -- GENERALIDADES DEL POSCONFLICTO Y EL DESAFÍO DE LA RSE -- INCLUSIÓN SOCIO-LABORAL EN EL POSCONFLICTO -- OPORTUNIDADES DE EMPRENDIMIENTO EN EL POSCONFLICTO -- CONCLUSIONES -- REFERENCIAS -- 3. EL COACHING COMO FACTOR DE DESARROLLO EMPRENDEDOR -- INTRODUCCIÓN -- EL DESARROLLO EMPRENDEDOR -- LAS HABILIDADES BLANDAS -- EL COACHING COMO FACTOR DE DESARROLLO -- CONCLUSIONES -- REFERENCIAS -- 4. INCIDENCIA DE LA INVERSIÓN EN LA POLÍTICA DE INNOVACIÓN EN LOS PAÍSES (...) -- INTRODUCCIÓN -- CONCEPTUALIZACIÓN SOBRE EL PROCESO DE INNOVACIÓN -- RELACIÓN ENTRE LA INVERSIÓN Y LA INNOVACIÓN -- ALGUNAS TENDENCIAS GLOBALES -- LATINOAMÉRICA Y LA INVERSIÓN ATADA A LA EDUCACIÓN -- ALGUNAS ESTRATEGIAS TRADICIONALES CON EL COMPONENTE DE INNOVACIÓN -- MODELO DE ANÁLISIS -- CONCLUSIONES -- REFERENCIAS -- 5. LA INNOVACIÓN EN LA EMPRESA Y SU RELACIÓN CON EL CRECIMIENTO ECONÓMICO -- INTRODUCCIÓN -- LO QUE REPRESENTA LA INNOVACIÓN EN LAS EMPRESAS -- LEGISLACIÓN EN TORNO A LA INNOVACIÓN Y LA COMPETITIVIDAD -- LAS BARRERAS DE LA INNOVACIÓN -- LA RELACIÓN DE LA INNOVACIÓN CON EL RENDIMIENTO EMPRESARIAL -- ¿QUE HACER PARA SER MÁS INNOVADORES? -- CONCLUSIONES -- BIBLIOGRAFÍA -- 6. EMPRENDIMIENTO E INNOVACIÓN, CLAVES DEL DESARROLLO: REFLEXIONES DESDE (...) -- INTRODUCCIÓN -- EL CONCEPTO DE DESARROLLO COMO CONTEXTO HISTÓRICO-POLÍTICO-CULTURAL Y SU (...) -- EL SISTEMA DE SEGURIDAD Y SALUD EN EL TRABAJO EN COLOMBIA: INNOVACIÓN (...) -- EL TRABAJO Y EL BIENESTAR LABORAL COMO GARANTE DEL EQUILIBRIO PARA EL (...) -- LA DUALIDAD FORMAL E INFORMAL EN EL CONTEXTO LABORAL COLOMBIANO -- EMPRENDIMIENTO E INNOVACIÓN DE LAS UNIDADES PRODUCTIVAS EN ACCIÓN: CUATRO (...) -- CONCLUSIONES -- BIBLIOGRAFÍA -- APÉNDICE 1 LOS CONSULTORIOS EMPRESARIALES -- APÉNDICE 2 DESEMPEÑO ACADÉMICO DE VÍCTIMAS DEL CONFLICTO ARMADO COLOMBIANO -- APÉNDICE 3 EL COACHING PERSONAL. | |
| 520 | _aAproximación al estado actual de los procesos de emprendimiento social y la innovación al interior de la mediana y pequeña empresa colombiana; como motor no solo del crecimiento de la economía sino también como facilitador de los procesos de formalización empresarial, ejes fundamentales de la productividad y competitividad. | ||
| 588 | _aDescripción basada en metadatos suministrados por el editor y otras fuentes. | ||
| 590 | _aRecurso electrónico. Santa Fe, Arg.: elibro, 2021. Disponible vía World Wide Web. El acceso puede estar limitado para las bibliotecas afiliadas a elibro. | ||
| 650 | 0 | _aEntrepreneurship. | |
| 650 | 0 |
_aBusiness _xGrowth. |
|
| 650 | 0 | _aSocial entrepreneurship. | |
| 650 | 0 | _aOrganizational effectiveness. | |
| 650 | 0 | _aSocial responsibility of business. | |
| 650 | 4 | _aEmprendimiento. | |
| 650 | 4 |
_aCrecimiento empresarial _xAspectos sociales. |
|
| 650 | 4 | _aEmprendimiento social. | |
| 650 | 4 | _aCoaching empresarial. | |
| 650 | 4 | _aEfectividad organizacional. | |
| 650 | 4 | _aResponsabilidad social de las empresas. | |
| 655 | 4 | _aLibros electrónicos. | |
| 700 | 1 | _aRey Romero, Manuel Ricardo. | |
| 700 | 1 | _aVelandia Daza, Diana Milena. | |
| 700 | 1 | _aVera-Ramírez, Henry Daniel. | |
| 700 | 1 | _aPuello Socarrás, Gregorio Enrique. | |
| 700 | 1 |
_aPeña Lapeira, Camilo José, _ecompilador. |
|
| 797 | 2 | _aelibro, Corp. | |
| 830 | 0 | _aCompilación de textos de ciencias administrativas y contables. | |
| 830 | 0 | _aColección Uniminuto. | |
| 856 | 4 | 0 | _uhttps://elibro.net/ereader/politecnicointernacional/129146 |
| 999 |
_c57922 _d57922 |
||